Экспериментальная гидроаэромеханика: учебник

Bibliographische Detailangaben
1. Verfasser: Радциг А. Н. Александр Николаевич
Körperschaft: Московский авиационный институт (государственный технический университет)
Zusammenfassung:Излагаются основы экспериментальной гидроаэромеханики сплошной среды, даются методологические основы и общие принципы постановки и проведения экспериментальных исследований в наземных установках. Изложение материала строится на основе фундаментальных законов гидроаэромеханики, теории размерности и подобия. Наряду с классическими методами экспериментальных исследований в учебнике нашли отражение достижения последних лет в области теории и практики аэродинамического эксперимента, современных технологий проведения испытаний. Книга предназначена для студентов технических университетов, изучающих гидроаэромеханику, и будет полезна для широкого круга инженеров и научных работников авиационной и ракетно-космической областей, а также для специалистов в области гидродинамики двусредных летательных аппаратов, аэродинамики транспортных средств, обтекания воздушным потоком промышленных объектов и архитектурных сооружений.
Sprache:Russisch
Veröffentlicht: Москва, Изд-во МАИ, 2004
Schlagworte:
Format: MixedMaterials Buch
KOHA link:https://koha.lib.tpu.ru/cgi-bin/koha/opac-detail.pl?biblionumber=105180

MARC

LEADER 00000nam0a2200000 4500
001 105180
005 20231031114330.0
010 |a 570351424X 
035 |a (RuTPU)RU\TPU\book\113461 
090 |a 105180 
100 |a 20061113d2004 m y0rusy50 ca 
101 0 |a rus 
102 |a RU 
105 |a a j 001zy 
200 1 |a Экспериментальная гидроаэромеханика  |e учебник  |f А. Н. Радциг  |g Московский авиационный институт (государственный технический университет) 
210 |a Москва  |c Изд-во МАИ  |d 2004 
215 |a 296 с.  |c ил. 
320 |a Библиогр.: с. 246-248. 
320 |a Предметный указатель: с. 287-291. 
330 |a Излагаются основы экспериментальной гидроаэромеханики сплошной среды, даются методологические основы и общие принципы постановки и проведения экспериментальных исследований в наземных установках. Изложение материала строится на основе фундаментальных законов гидроаэромеханики, теории размерности и подобия. Наряду с классическими методами экспериментальных исследований в учебнике нашли отражение достижения последних лет в области теории и практики аэродинамического эксперимента, современных технологий проведения испытаний. Книга предназначена для студентов технических университетов, изучающих гидроаэромеханику, и будет полезна для широкого круга инженеров и научных работников авиационной и ракетно-космической областей, а также для специалистов в области гидродинамики двусредных летательных аппаратов, аэродинамики транспортных средств, обтекания воздушным потоком промышленных объектов и архитектурных сооружений. 
610 1 |a экспериментальная гидроаэромеханика 
610 1 |a аэродинамические эксперименты 
610 1 |a летательные аппараты 
610 1 |a аэродинамические трубы 
610 1 |a моделирование 
610 1 |a полет 
610 1 |a аэродинамические нагрузки 
610 1 |a аэродинамические испытания 
610 1 |a модельные эксперименты 
610 1 |a газодинамические установки 
610 1 |a наземные экспериментальные установки 
610 1 |a учебники 
675 |a 533.6(075.8)  |v 3 
675 |a 629.73.015(075.8)  |v 3 
700 1 |a Радциг  |b А. Н.  |g Александр Николаевич 
712 0 2 |a Московский авиационный институт (государственный технический университет)  |2 stltpush  |3 (RuTPU)RU\TPU\col\3642 
801 1 |a RU  |b 63413507  |c 20061113  |g PSBO 
801 2 |a RU  |b 63413507  |c 20140605  |g PSBO 
900 |a Гидромеханика 
900 |a Гидроаэромеханика в бурении 
942 |c BK 
952 |b 160700  |b 160702 
959 |a 90/20061025  |d 1  |e 118,30  |f ЧЗТЛ:1